[Event "St Petersburg Blitz GP"]
[Site "St Petersburg"]
[Date "2024.08.23"]
[Round "2"]
[White "Drygalov, Andrey"]
[Black "Seryshev, Viktor"]
[Result "1-0"]
[WhiteElo "2457"]
[BlackElo "1791"]
[PlyCount "87"]
[EventDate "2024.08.23"]
[EventType "swiss (blitz)"]
[EventRounds "11"]
[EventCountry "RUS"]
[SourceTitle "EXT 2025"]
[Source "ChessBase"]
[SourceDate "2024.10.14"]
[SourceVersion "1"]
[SourceVersionDate "2024.10.14"]
[SourceQuality "1"]

1. e4 Nf6 2. e5 Nd5 3. d4 d6 4. c4 Nb6 5. exd6 cxd6 6. Nc3 g6 7. Be3 Bg7 8. Rc1 0-0 9. b3 Nc6 10. d5 Ne5 11. Be2 f5 12. f4 Ng4 13. Bxg4 fxg4 14. Nge2 Bf5 15. 0-0 Nd7 16. Bd4 Bxd4+ 17. Nxd4 Nf6 18. Re1 Qd7 19. Qd2 Rfe8 20. Re2 e6 21. dxe6 Bxe6 22. Ndb5 d5 23. Qd4 Qd8 24. cxd5 Bd7 25. Rxe8+ Nxe8 26. Qe3 Qb6 27. Qxb6 axb6 28. a4 Rd8 29. Rd1 Bxb5 30. Nxb5 Nd6 31. Nxd6 Rxd6 32. Kf2 Kf7 33. Ke3 Kf6 34. Kd4 h5 35. g3 Rd7 36. Re1 Kf7 37. Re6 b5 38. axb5 Rc7 39. Rb6 Rc2 40. Rxb7+ Kf6 41. Rd7 Rxh2 42. b6 h4 43. b7 hxg3 44. b8Q 1-0

[Event "St Petersburg Korchnoi Memorial op"]
[Site "St Petersburg"]
[Date "2024.08.20"]
[Round "7"]
[White "Smikovski, Semen"]
[Black "Seryshev, Viktor"]
[Result "1-0"]
[WhiteElo "2028"]
[BlackElo "1791"]
[PlyCount "179"]
[EventDate "2024.08.17"]
[EventType "swiss"]
[EventRounds "9"]
[EventCountry "RUS"]
[SourceTitle "EXT 2025"]
[Source "ChessBase"]
[SourceDate "2024.10.14"]
[SourceVersion "1"]
[SourceVersionDate "2024.10.14"]
[SourceQuality "1"]

1. e4 c6 2. d4 d5 3. exd5 cxd5 4. Bd3 Nc6 5. c3 Nf6 6. h3 g6 7. Nf3 Bf5 8. Be2 e6 9. 0-0 h5 10. Bg5 Be7 11. Nbd2 Ne4 12. Bxe7 Qxe7 13. Nxe4 Bxe4 14. Nd2 Bf5 15. Re1 Kf8 16. b4 Qc7 17. Rc1 Kg7 18. b5 Na5 19. c4 Nxc4 20. Nxc4 dxc4 21. Bxc4 Qd6 22. d5 e5 23. Qe2 Rhe8 24. Bb3 Rac8 25. Qe3 Rxc1 26. Rxc1 Ra8 27. Rc3 Bd7 28. a4 b6 29. Qg5 a6 30. bxa6 b5 31. axb5 Bxb5 32. Re3 f6 33. Qh4 Rxa6 34. Rg3 Be8 35. Qxh5 Qc5 36. Qe2 Ra1+ 37. Kh2 Qc1 38. Re3 Qc5 39. Qd2 Qd6 40. Rg3 Ra3 41. Qc2 e4 42. Qxe4 Rxb3 43. Qxe8 Rxg3 44. fxg3 Qxd5 45. Qe7+ Kh6 46. Qxf6 Kh7 47. Qf4 Kg7 48. Qc7+ Kf6 49. Qh7 Qd3 50. Qg8 Qc2 51. Qf8+ Ke6 52. Qf4 Qb1 53. g4 Qc2 54. Kg3 Qd3+ 55. Kh2 Qc2 56. h4 Qc5 57. Kh3 Qb5 58. Qf3 Qb1 59. Kh2 Qb8+ 60. Qg3 Qb5 61. Qf4 Qc5 62. Qf3 Qe5+ 63. Qg3 Qb5 64. h5 Qg5 65. Qb3+ Ke7 66. Qb7+ Kf8 67. Qc8+ Kg7 68. Qc3+ Kg8 69. Qc4+ Kg7 70. Qd4+ Kg8 71. Qc4+ Kg7 72. Qc3+ Kg8 73. Qc8+ Kg7 74. Qd7+ Kh6 75. Qe6 Qh4+ 76. Kg1 Kg7 77. Qxg6+ Kh8 78. Qe8+ Kh7 79. Qe4+ Kh8 80. Kf1 Qf6+ 81. Ke2 Qb2+ 82. Kf3 Qc3+ 83. Kf2 Qd2+ 84. Kg3 Qd6+ 85. Qf4 Qa3+ 86. Kh2 Qb2 87. g5 Qe2 88. h6 Qh5+ 89. Kg3 Qf7 90. Qf6+ 1-0

[Event "St Petersburg Korchnoi Memorial op"]
[Site "St Petersburg"]
[Date "2024.08.18"]
[Round "4"]
[White "Seryshev, Viktor"]
[Black "Rombalskiy, Ivan"]
[Result "1/2-1/2"]
[WhiteElo "1791"]
[BlackElo "1546"]
[PlyCount "84"]
[EventDate "2024.08.17"]
[EventType "swiss"]
[EventRounds "9"]
[EventCountry "RUS"]
[SourceTitle "CBM 221 Extra"]
[Source "ChessBase"]
[SourceDate "2024.09.30"]
[SourceVersion "1"]
[SourceVersionDate "2024.09.30"]
[SourceQuality "1"]

1. d4 d5 2. Bf4 c5 3. e3 cxd4 4. exd4 Bf5 5. c3 Nc6 6. Qb3 Qd7 7. Nf3 f6 8. Be2 g5 9. Bg3 h5 10. h3 e6 11. Nbd2 Nh6 12. Nf1 Bg6 13. Ne3 Nf7 14. c4 Na5 15. Qd1 dxc4 16. Nxc4 Nxc4 17. Bxc4 Bb4+ 18. Kf1 Bd6 19. Qe2 Ke7 20. Bxd6+ Nxd6 21. Bd3 Bxd3 22. Qxd3 Qb5 23. Qxb5 Nxb5 24. a4 Nc7 25. Ke2 Nd5 26. g3 Rac8 27. Rac1 Nb6 28. b3 Rhd8 29. Rxc8 Rxc8 30. Kd2 Kd6 31. Kd3 Nd5 32. Nd2 Nb4+ 33. Ke2 Kd5 34. Nc4 Nc6 35. Ne3+ Kd6 36. Rd1 Ne7 37. Nc4+ Kd7 38. Kd3 Nd5 39. Re1 Rd8 40. Re2 Nb4+ 41. Kc3 Nd5+ 42. Kd3 Ke7 1/2-1/2